[Event "70th ch-GEO w 2013"]
[Site "Tbilisi GEO"]
[Date "2013.06.06"]
[Round "10.1"]
[White "Batsiashvili,N"]
[Black "Lomineishvili,M"]
[Result "1-0"]
[WhiteElo "2390"]
[BlackElo "2345"]

1.d4 Nf6 2.c4 g6 3.Nc3 Bg7 4.e4 d6 5.Nf3 O-O 6.Be2 e5 7.O-O exd4 8.Nxd4 Re8
9.f3 c6 10.Nc2 Na6 11.Be3 d5 12.cxd5 cxd5 13.exd5 Bf5 14.Bf2 Nxd5 15.Nxd5 Bxc2
16.Qxc2 Qxd5 17.Bc4 Rac8 18.Rac1 Qg5 19.Bxf7+ Kxf7 20.Qb3+ Kf8 21.Rxc8 Rxc8
22.Qxb7 Rc1 23.Qxa6 Rxf1+ 24.Qxf1 Bxb2 25.Qc4 Qd2 26.g3 a5 27.a4 Bc3 28.Kg2 Bb4
29.Qd4 Qxd4 30.Bxd4 Ke7 31.Kf2 Kd6 32.Ke3 Kd5 33.Kd3 Bd6 34.Bb6 Bb4 35.g4 h5
36.gxh5 gxh5 37.Bc7 Be1 38.Bg3 Bb4 39.Bf4 Bc5 40.Bc7 Bb4 41.h3 Be1 42.Bf4 Bh4
43.Bc7 Be1 44.f4 Kc6 45.Be5 Kd5 46.Bd4 Bg3 47.f5 Bd6 48.Bc3 Bc7 49.f6 Ke6
50.Kc4 Bd8 51.Kb5 Bxf6 52.Bxf6 Kxf6 53.Kxa5 Kg5 54.Kb4 Kh4 55.a5 Kxh3 56.a6 h4
57.a7 Kh2 58.a8=Q h3 59.Qf3  1-0

[Event "Grand Europe Open Albena"]
[Site "Albena BUL"]
[Date "2013.06.07"]
[Round "7.9"]
[White "Bernadskiy,V"]
[Black "Vishnu,P"]
[Result "1-0"]
[WhiteElo "2475"]
[BlackElo "2494"]

1.d4 Nf6 2.c4 g6 3.Nc3 Bg7 4.e4 d6 5.Nf3 O-O 6.Be2 e5 7.O-O Na6 8.Be3 Ng4
9.Bg5 Qe8 10.dxe5 dxe5 11.h3 f6 12.Bd2 Nh6 13.Be3 Nf7 14.c5 c6 15.Nd2 f5
16.f3 f4 17.Bf2 Qe7 18.Bxa6 bxa6 19.Nc4 h5 20.Qa4 Bd7 21.Rad1 g5 22.Qxa6 g4
23.Qb7 Rad8 24.hxg4 hxg4 25.fxg4 Qe6 26.Nd2 Bc8 27.Qb3 Qxg4 28.Nf3 Rde8 29.Bh4 Re6
30.Kf2 Rg6 31.Rg1 Be6 32.Qa4 Rh6 33.Rh1 Bf6 34.Bxf6 Qg3+ 35.Kg1 Rxf6 36.Ne2 Qg7
37.Kf2 Ng5 38.Rh5 Rg6 39.Rdh1 Nf7 40.R1h2 Rb8 41.b3 Qf8 42.Qxa7 Rg7 43.Ng5 Nh6
44.Rxh6 Rxa7 45.Rh8+  1-0

[Event "French Top 12 2013"]
[Site "Haguenau FRA"]
[Date "2013.06.07"]
[Round "9.5"]
[White "Loiseau,Q"]
[Black "Le Corre,B"]
[Result "1/2-1/2"]
[WhiteElo "2406"]
[BlackElo "2300"]

1.d4 Nf6 2.c4 g6 3.Nc3 Bg7 4.e4 d6 5.Nf3 O-O 6.Be2 e5 7.O-O Nbd7 8.Be3 Ng4
9.Bg5 f6 10.Bh4 g5 11.Bg3 Nh6 12.dxe5 dxe5 13.b4 Kh8 14.c5 a5 15.Qa4 c6 16.Rac1 Qe7
17.Nd2 f5 18.exf5 Nxf5 19.Nce4 Nd4 20.Rfe1 b5 21.Qa3 Nf6 22.Nxg5 Nh5 23.Nge4 Nxg3
24.hxg3 Nxe2+ 25.Rxe2 Bg4 26.f3 axb4 27.Qxb4 Be6 28.Nb3 Ra4 29.Qe1 Rfa8 30.Qf2 Ra3
31.Rd1 b4 32.Red2 Bd5 33.Rxd5 cxd5 34.Rxd5 Qe6 35.Rd6 Qg8 36.Rd2 Qe8 37.g4 Qe6
38.g5 Bf8 39.Rc2 Be7 40.c6 Rc8 41.Qb6 Raa8 42.Kh2 Rab8 43.Qa6 Rc7 44.Na5 Rbc8
45.Qb5 Bf8 46.Rd2 h6 47.Rd5 hxg5 48.Nxg5 Qh6+ 49.Nh3 Rh7 50.Qe2 Bd6 51.Nc4 Bb8
52.Qe4 Rg8 53.Ne3 Qxc6 54.Ng4 Qc1 55.Rb5 Qc7 56.Rxb4 Rf8 57.Rc4 Qd7 58.Rb4 Bd6
59.Rb6 Bc7 60.Nf6 Rxh3+ 61.gxh3 Qd2+ 62.Kh1 Qh6 63.Rc6 Qxh3+ 64.Kg1 Qg3+
65.Kf1 Qh3+ 66.Kf2 Bb8 67.Ra6 Qh2+ 68.Ke1 Qg1+ 69.Ke2 Qg2+ 70.Ke1 Qh1+ 71.Ke2 Qh2+
72.Ke1 Rd8 73.Ng4 Qg1+ 74.Ke2 Qg2+ 75.Nf2 Qg5 76.Qe3 Qxe3+ 77.Kxe3 Kg7 78.a4 Rd7
79.Ne4 Ba7+ 80.Ke2 Bd4 81.a5 Rb7 82.Rc6 Rb2+ 83.Kf1 Ra2 84.a6 Kf7 85.Ke1 Ke7
86.Kd1 Kd7 87.Rd6+ Kc7 88.Rg6 Kb8 89.Rd6 Ra3 90.f4  1/2-1/2

[Event "National Open 2013"]
[Site "Las Vegas USA"]
[Date "2013.06.07"]
[Round "2"]
[White "Chakraborty,Di"]
[Black "Naroditsky,D"]
[Result "1/2-1/2"]
[WhiteElo "2166"]
[BlackElo "2494"]

1.d4 Nf6 2.c4 g6 3.Nc3 Bg7 4.e4 d6 5.Be2 O-O 6.Nf3 Na6 7.O-O e5 8.Be3 Ng4
9.Bg5 Qe8 10.dxe5 dxe5 11.Qc1 h6 12.Bd2 Kh7 13.h3 Nf6 14.Be3 b6 15.a3 Bb7
16.Qc2 Nh5 17.Rfe1 Nf4 18.Bf1 Ne6 19.Rad1 Rd8 20.Rxd8 Qxd8 21.Rd1 Nd4 22.Nxd4 exd4
23.Bc1 Nc5 24.Nd5 Re8 25.f3 Ne6 26.Nb4 Be5 27.Nd3 Bg3 28.c5 Ba6 29.cxb6 axb6
30.Nb4 Bb7 31.Bb5 Rf8 32.Bc6 Bxc6 33.Nxc6 Qf6 34.b4 Bf4 35.Bb2 Qh4 36.Nxd4 Be3+
37.Kh1 Nf4 38.Bc1 Bxc1 39.Rxc1 Qg3 40.Rg1 c5 41.bxc5 bxc5 42.Nc6 Re8 43.a4 Re6
44.Nd8 Re7 45.a5 Rd7 46.Nc6 Rc7 47.a6 Rxc6 48.Qa2 c4 49.a7 Rc8 50.a8=Q Rxa8
51.Qxa8 Nxh3 52.Rf1 Nf2+ 53.Kg1 Nh3+ 54.Kh1  1/2-1/2

[Event "Zonal 3.4 2013"]
[Site "Osh KGZ"]
[Date "2013.06.07"]
[Round "1"]
[White "Abdyjapar,Asyl"]
[Black "Asanov,Tu"]
[Result "1/2-1/2"]
[WhiteElo "2416"]
[BlackElo "2022"]

1.d4 Nf6 2.c4 g6 3.Nc3 Bg7 4.e4 d6 5.Nf3 O-O 6.Be2 Nbd7 7.O-O e5 8.Be3 h6
9.h3 Qe7 10.dxe5 dxe5 11.Nd5 Qd8 12.Qc2 Nh5 13.Qd2 c6 14.Nc3 Kh7 15.Rfd1 Qe7
16.Nh2 Nf4 17.Bxf4 exf4 18.Qxf4 f5 19.exf5 Rxf5 20.Qd2 Ne5 21.f4 Nxc4 22.Bxc4 Qc5+
23.Kh1 Qxc4 24.Rf1 Rf8 25.Rae1 Bf5 26.Re7 Rad8 27.Qe3 Rd7 28.Rxd7 Bxd7 29.Qxa7 Rxf4
30.Rd1 Rf7 31.Qb6 Be6 32.Qe3 Bf5 33.Nf3 Qb4 34.Rd2 Re7 35.Qf2 Qf4 36.Ne2 Qe3
37.Kg1 c5 38.Qxe3 Rxe3 39.Kf2 Rd3 40.Nc3 g5 41.Rxd3 Bxd3 42.Ke3 Bf1 43.Kf2 Bc4
44.a3 b5 45.Nd2 Bd4+ 46.Kf3 Bd3 47.Nb3 Bg1 48.Nc1 Bc4 49.N1e2 Bd4 50.Nxd4 cxd4
51.Ne2 Bd5+ 52.Kf2 d3 53.Nc3 Bc6 54.g3 Kg6 55.Ke3 Bd7 56.b4 Kh5 57.Kxd3 Bxh3
58.Ke3 Bd7 59.Ne4 Bc6 60.Nf2 Kg6 61.g4 h5 62.gxh5+ Kxh5  1/2-1/2

[Event "FSFMA June 2013"]
[Site "Budapest HUN"]
[Date "2013.06.08"]
[Round "8.6"]
[White "Montolio Benedicto,C"]
[Black "Juhasz,Bel"]
[Result "1/2-1/2"]
[WhiteElo "1972"]
[BlackElo "2222"]

1.e4 g6 2.d4 Bg7 3.c4 d6 4.Nc3 Nf6 5.Nf3 O-O 6.Be2 e5 7.dxe5 dxe5 8.Qxd8 Rxd8
9.Bg5 Re8 10.Nd5 Nxd5 11.cxd5 c6 12.Bc4 cxd5 13.Bxd5 Nd7 14.Nd2 Nb6 15.Bb3 Be6
16.Rc1 Bxb3 17.Nxb3 Na4 18.Ke2 f6 19.Be3 Re7 20.Rc2  1/2-1/2

[Event "35th Nezhmetdinov Cup"]
[Site "Kazan RUS"]
[Date "2013.06.08"]
[Round "9.18"]
[White "Atalik,S"]
[Black "Ozolin,M"]
[Result "0-1"]
[WhiteElo "2597"]
[BlackElo "2387"]

1.d4 Nf6 2.c4 g6 3.Nc3 Bg7 4.e4 d6 5.Be2 O-O 6.Nf3 e5 7.d5 a5 8.Bg5 h6 9.Bh4 Na6
10.Nd2 Bd7 11.O-O Qe8 12.b3 Nh7 13.a3 h5 14.f3 Bh6 15.Kh1 Be3 16.Qc2 f5 17.exf5 gxf5
18.Rae1 Qg6 19.Bd3 Qh6 20.Ndb1 Rae8 21.Nb5 Bc5 22.Qd1 c6 23.N5c3 Nc7 24.Na4 Bd4
25.Bf2 Bxf2 26.Rxf2 cxd5 27.Nb6 Qg7 28.cxd5 Bb5 29.Bc4 Nf6 30.Nc3 Ba6 31.Qd2 Na8
32.Bxa6 Nxb6 33.Bd3 Qg6 34.Nb5 e4 35.Nxd6 exd3 36.Nxe8 Rxe8 37.Rxe8+ Qxe8
38.d6 Qb5 39.Qg5+ Kf7 40.g3 Qd5 41.Qe3 Nbd7 42.Rd2 Ne5 43.Kg2 a4 44.bxa4 Nc4
45.Qe7+ Kg6 46.d7 Nxd2  0-1

[Event "FSFMB June 2013"]
[Site "Budapest HUN"]
[Date "2013.06.09"]
[Round "9.3"]
[White "Lukacs,Albert"]
[Black "Brassoi-Tarnovszki,Aurel"]
[Result "1/2-1/2"]
[WhiteElo "1917"]
[BlackElo "1642"]

1.d4 Nf6 2.c4 d6 3.Nf3 g6 4.Nc3 Bg7 5.e4 O-O 6.Be2 Nbd7 7.O-O e5 8.d5 c5
9.h3 Ne8 10.Be3 Nb6 11.Qd2 f5 12.exf5 Bxf5  1/2-1/2

[Event "FIDE World Blitz 2013"]
[Site "Khanty-Mansiysk RUS"]
[Date "2013.06.09"]
[Round "2.5"]
[White "Le Quang Liem"]
[Black "Kurnosov,I"]
[Result "1-0"]
[WhiteElo "2712"]
[BlackElo "2657"]

1.Nf3 Nf6 2.c4 g6 3.Nc3 Bg7 4.e4 d6 5.d4 O-O 6.Be2 e5 7.O-O Na6 8.Re1 Qe8
9.Bf1 Bg4 10.d5 Nb4 11.Be2 a5 12.Be3 Na6 13.h3 Bd7 14.Nd2 Kh8 15.Rc1 Ng8
16.a3 f5 17.exf5 gxf5 18.f4 Nf6 19.Nf3 b6 20.Bf1 e4 21.Nd4 a4 22.Ndb5 Qg6
23.Qd2 Nc5 24.Nxc7 Nb3 25.Qf2 Rac8 26.N7b5 Nxc1 27.Rxc1 Nh5 28.Bxb6 Rg8 29.Rc2 Rce8
30.Be3 Ng3 31.Nd4 h5 32.Nce2 Nxf1 33.Kxf1 Rb8 34.Nc3 Kh7 35.Nde2 Bf6 36.h4 Qg4
37.g3 Rb3 38.Bd4 Qh3+ 39.Ke1 Qh1+ 40.Kd2 Re8 41.Qe3 Bxd4 42.Nxd4  1-0

[Event "FSFMA June 2013"]
[Site "Budapest HUN"]
[Date "2013.06.10"]
[Round "10.6"]
[White "Juhasz,Bel"]
[Black "Juracsik,J"]
[Result "1/2-1/2"]
[WhiteElo "2222"]
[BlackElo "2155"]

1.d4 Nf6 2.c4 g6 3.Nc3 Bg7 4.e4 d6 5.Nf3 O-O 6.Be2 e5 7.dxe5 dxe5 8.Qxd8 Rxd8
9.Bg5 Re8 10.Nd5 Nxd5 11.cxd5 c6 12.Bc4 cxd5 13.Bxd5 Nd7 14.Nd2 Nc5 15.O-O-O Be6
16.Bxe6 Nxe6  1/2-1/2

[Event "2nd Grand Europe Open 2013"]
[Site "Golden Sands BUL"]
[Date "2013.06.11"]
[Round "2.43"]
[White "Virovlansky,S"]
[Black "Forsberg,V"]
[Result "1/2-1/2"]
[WhiteElo "2432"]
[BlackElo "2286"]

1.d4 Nf6 2.c4 g6 3.Nc3 Bg7 4.e4 d6 5.Nf3 O-O 6.Be2 e5 7.O-O Nbd7 8.Re1 exd4
9.Nxd4 Re8 10.Bf1 c6 11.Nb3 a5 12.Qxd6 a4 13.Nd2 a3 14.Rb1 Ng4 15.Qg3 Nc5
16.Nb3 axb2 17.Rxb2 Bxc3 18.Qxc3 Na4 19.Qc2 Nxb2 20.Qxb2 Qf6 21.Qc2 Be6 22.h3 Ne5
23.Re3 Red8 24.Bb2 g5 25.a3 b5 26.Nd4 Rxd4 27.Bxd4 Nf3+ 28.Rxf3 Qxd4 29.cxb5 cxb5
30.Qb1 Bc4 31.Rg3 h6 32.h4 Bxf1 33.Qxf1 b4 34.Rd3 Qxe4 35.axb4 Qxb4 36.hxg5 hxg5
37.Qc1 Ra5 38.Rd1 Qc5 39.Qd2 Qe5 40.Qc1 Qc5 41.Qb1 Qe5 42.g3 Kg7 43.Re1 Qf6
44.Qb3 Ra1  1/2-1/2

[Event "Zonal 3.4 2013"]
[Site "Osh KGZ"]
[Date "2013.06.11"]
[Round "5"]
[White "Kazhgaleyev,M"]
[Black "Atabayev,Y"]
[Result "1-0"]
[WhiteElo "2597"]
[BlackElo "2443"]

1.d4 Nf6 2.c4 g6 3.Nc3 Bg7 4.e4 d6 5.Be2 O-O 6.Nf3 Nbd7 7.O-O e5 8.Qc2 exd4
9.Nxd4 Nc5 10.Bg5 h6 11.Be3 a5 12.Rad1 Ng4 13.Bxg4 Bxg4 14.f3 Bd7 15.Qd2 Kh7
16.Ndb5 Ne6 17.Rfe1 f5 18.exf5 Rxf5 19.Nd4 Rh5 20.Nd5 Qh4 21.h3 Ng5 22.Bxg5 Rxg5
23.Re4 Qg3 24.h4 Rxd5 25.cxd5 Be5 26.f4 Bf6 27.Rde1 Rg8 28.Ne6 Qxh4 29.R1e3 Qh5
30.Nxc7 g5 31.Ne6 gxf4 32.Rxf4 Be5 33.Qd3+ Kh8 34.Rh3 Qxh3 35.Qxh3 Bxf4 36.Qf3 Bg5
37.Qc3+  1-0

[Event "Portuguese Masters"]
[Site "Sintra POR"]
[Date "2013.06.11"]
[Round "4.3"]
[White "Diogo,V"]
[Black "Damaso,R"]
[Result "1/2-1/2"]
[WhiteElo "2292"]
[BlackElo "2374"]

1.d4 Nf6 2.Nf3 g6 3.c4 Bg7 4.Nc3 O-O 5.e4 d6 6.Be2 e5 7.dxe5 dxe5 8.Qxd8 Rxd8
9.Bg5 Re8 10.Nd5 Nxd5 11.cxd5 c6 12.Bc4 b5 13.Bb3 a5 14.a4 bxa4 15.Rxa4 Bb7
16.d6 Nd7 17.Be3 c5 18.O-O Bc6 19.Ra3 Bb7 20.Ra4 Bc6 21.Ra3 Bb7  1/2-1/2

[Event "15th Ajuinentornooi 2013"]
[Site "Aalst BEL"]
[Date "2013.06.12"]
[Round "9.5"]
[White "Vermeiren,B"]
[Black "Verlinden,R"]
[Result "0-1"]
[WhiteElo "2008"]
[BlackElo "2047"]

1.Nf3 Nf6 2.c4 g6 3.Nc3 Bg7 4.e4 d6 5.d4 O-O 6.Be2 e5 7.Be3 h6 8.dxe5 Ng4
9.Bd2 Nxe5 10.Nxe5 dxe5 11.O-O Nc6 12.c5 Be6 13.Qc1 Kh7 14.Rd1 Nd4 15.Bf1 Qh4
16.f3 f5 17.Be1 Qe7 18.Ne2 Rad8 19.Nxd4 exd4 20.Bd3 c6 21.Bg3 fxe4 22.Bd6 Rxd6
23.cxd6 Qxd6 24.Bxe4 Be5 25.h4 Bf4 26.Qc2 Be3+ 27.Kf1 Qg3 28.h5 Bc4+ 29.Rd3 Rxf3+  0-1

[Event "2nd Grand Europe Open 2013"]
[Site "Golden Sands BUL"]
[Date "2013.06.12"]
[Round "3.43"]
[White "Debashis,D"]
[Black "Primbetov,K"]
[Result "1-0"]
[WhiteElo "2482"]
[BlackElo "2225"]

1.d4 Nf6 2.c4 g6 3.Nc3 Bg7 4.e4 d6 5.Nf3 O-O 6.Be2 e5 7.Be3 Ng4 8.Bg5 f6
9.Bh4 g5 10.Bg3 Nc6 11.dxe5 Ngxe5 12.O-O Be6 13.Nd5 Kh8 14.Rc1 b6 15.b4 a5
16.b5 Nxf3+ 17.Bxf3 Ne7 18.Nxe7 Qxe7 19.e5 fxe5 20.Bxa8 Rxa8 21.f3 Rf8 22.Qe2 Bh6
23.Rc2 Qg7 24.c5 bxc5 25.Rxc5 g4 26.Rc2 Bf5 27.Rc4 gxf3 28.Rxf3 e4 29.Rf1 Qd7
30.a4 Re8 31.Qh5 Be3+ 32.Kh1 Bg6 33.Qd5 Bb6 34.Qg5 Qe6 35.Rcc1 e3 36.Rce1 d5
37.Rf6 Qe4 38.Rf4 Qe6 39.Rf6 Qe4 40.h4 Qe7 41.h5  1-0

[Event "17th Petr Izmailov"]
[Site "Tomsk RUS"]
[Date "2013.06.14"]
[Round "4.8"]
[White "Petrukhina,I"]
[Black "Chigaev,M"]
[Result "0-1"]
[WhiteElo "2204"]
[BlackElo "2455"]

1.d4 d6 2.Nf3 Nf6 3.c4 g6 4.Nc3 Bg7 5.e4 O-O 6.Be2 e5 7.O-O exd4 8.Nxd4 Re8
9.f3 c6 10.Kh1 Nh5 11.g4 Nf6 12.Bf4 h5 13.Nf5 gxf5 14.gxf5 d5 15.Rg1 Kh8
16.cxd5 cxd5 17.e5 Bxf5 18.exf6 Qxf6 19.Qxd5 Bg6 20.Bg5 Qb6 21.Qb5 Nc6 22.Qxb6 axb6
23.Bb5 Re5 24.Rad1 Rf5 25.Bd3 Rxf3 26.Bxg6 fxg6 27.Rd6 Ne5 28.Ne4 Ra4 29.Re1 Rf8
30.Re2 Rxa2 31.Rxb6 Nf3 32.Bf6 Bxf6 33.Nxf6 Nh4 34.h3 Rf7 35.Kh2 Kg7 36.Ne8+ Kh6
37.Nd6 Rf6 38.Kg3 Rxd6 39.Rxd6 Nf5+  0-1

[Event "Spicenet Tanzania Open"]
[Site "Dar es Salaam TAN"]
[Date "2013.06.15"]
[Round "3.7"]
[White "Ateka,N"]
[Black "Gohil,Mehul"]
[Result "1-0"]
[WhiteElo "2147"]
[BlackElo "2022"]

1.d4 Nf6 2.c4 g6 3.Nc3 Bg7 4.e4 d6 5.Nf3 O-O 6.Be2 e5 7.O-O Nbd7 8.dxe5 dxe5
9.Bg5 c6 10.Qc2 Qc7 11.Rad1 Re8 12.h3 a5 13.Be3 Bf8 14.Na4 Nh5 15.c5 Nf4
16.Bc4 Ne6 17.Bxe6 Rxe6 18.Rd2 Re8 19.Rfd1 h6 20.a3 Kh7 21.Qc4 Kg7 22.Rd3 f5
23.exf5 e4 24.fxg6 Nf6 25.Rd7+ Bxd7 26.Qf7+ Kh8 27.Bd4  1-0

[Event "Kings Place Rapid 2013"]
[Site "London ENG"]
[Date "2013.06.15"]
[Round "2.2"]
[White "Buckley,D"]
[Black "Jones,G"]
[Result "0-1"]
[WhiteElo "2261"]
[BlackElo "2643"]

1.d4 Nf6 2.c4 g6 3.Nc3 Bg7 4.e4 d6 5.Nf3 O-O 6.Be2 e5 7.Be3 Ng4 8.Bg5 f6
9.Bh4 g5 10.Bg3 Nh6 11.h4 g4 12.Nh2 f5 13.exf5 Nxf5 14.dxe5 Nxg3 15.fxg3 Bxe5
16.Nxg4 Bxg3+ 17.Kd2 Nc6 18.Nd5 Bxg4 19.Bxg4 Rf2+ 20.Kc1 Be5 21.Be2 Qf8 22.Rh3 Qh6+
23.Kb1 Qg6+ 24.Rd3 Qe4 25.Bf3 Rxb2+ 26.Kc1 Qxc4+ 27.Nc3 Nb4  0-1

[Event "Kings Place Rapid 2013"]
[Site "London ENG"]
[Date "2013.06.15"]
[Round "2.4"]
[White "Wells,P"]
[Black "Palliser,R"]
[Result "1-0"]
[WhiteElo "2479"]
[BlackElo "2453"]

1.d4 d6 2.Nf3 g6 3.c4 Bg7 4.Nc3 Nf6 5.e4 O-O 6.Be2 Nbd7 7.O-O e5 8.Be3 exd4
9.Nxd4 c6 10.Qd2 Qe7 11.f3 Ne5 12.Rad1 a6 13.Bg5 Qc7 14.f4 Ned7 15.Kh1 Nc5
16.Bf3 Ne8 17.f5 b5 18.Nxc6 Bxc3 19.Qxc3 Qxc6 20.Bh6 Na4 21.Qd2 Qc5 22.Bxf8 Kxf8
23.e5 Rb8 24.fxg6 hxg6 25.Bd5 Bf5 26.g4 Nb6 27.gxf5 Nxd5 28.cxd5  1-0

[Event "7th Srebrno Jezero Open 2013"]
[Site "Srebrno jezero SRB"]
[Date "2013.06.15"]
[Round "3.11"]
[White "Arsenijevic,I"]
[Black "Cabrilo,G"]
[Result "0-1"]
[WhiteElo "2172"]
[BlackElo "2404"]

1.d4 Nf6 2.Nf3 g6 3.c4 Bg7 4.Nc3 O-O 5.e4 d6 6.Be2 Nbd7 7.O-O e5 8.d5 a5
9.h3 Nc5 10.Qc2 Nh5 11.Be3 f5 12.Nd2 Nf6 13.Bxc5 dxc5 14.f4 exf4 15.e5 Ng4
16.hxg4 fxg4 17.Qe4 Qg5 18.Nb3 Bxe5 19.Bxg4 Bxg4 20.Nxc5 f3 21.Nd3 Bxc3 22.bxc3 Rae8  0-1

[Event "12th TCh-BIH Prem"]
[Site "Sarajevo BIH"]
[Date "2013.06.16"]
[Round "2.1"]
[White "Trkulja,G"]
[Black "Burovic,I"]
[Result "0-1"]
[WhiteElo "2390"]
[BlackElo "2351"]

1.d4 Nf6 2.c4 g6 3.Nc3 Bg7 4.e4 d6 5.Nf3 O-O 6.Be2 e5 7.O-O exd4 8.Nxd4 Re8
9.f3 c6 10.Rf2 a6 11.Nc2 Be6 12.Bf1 b5 13.Bf4 Bf8 14.Rd2 bxc4 15.Bxd6 Qb6+
16.Kh1 Bxd6 17.Rxd6 Nbd7 18.Na4 Qc7 19.Ne3 Ne5 20.Rd2 Rad8 21.Rc1 Qa5 22.Nc3 Nh5
23.Rcc2 Nf4 24.Rxd8 Rxd8 25.Rd2 Ned3 26.Bxd3 Nxd3 27.Qc2 Rb8 28.Ncd1 Nxb2
29.Nc3 Nd3 30.Ned1 Qa3 31.h3 Qd6 32.Nb2 Rd8 33.Nbd1 Qg3 34.Re2 Nf4 35.Rf2 Rd3
36.e5 Bf5 37.Qb2 h5 38.Qb8+ Kg7 39.Qc7 Nd5  0-1

[Event "8th Teplice Open 2013"]
[Site "Teplice CZE"]
[Date "2013.06.16"]
[Round "2.32"]
[White "Lechtynsky,J"]
[Black "Ulanowski,K"]
[Result "1-0"]
[WhiteElo "2361"]
[BlackElo "2083"]

1.d4 Nf6 2.Nf3 g6 3.c4 Bg7 4.Nc3 O-O 5.e4 d6 6.Be2 e5 7.Be3 exd4 8.Nxd4 Re8
9.f3 c6 10.Qd2 d5 11.cxd5 cxd5 12.Bb5 Nbd7 13.exd5 a6 14.Bxd7 Qxd7 15.Nc2 b5
16.O-O Bb7 17.Rad1 Rac8 18.Rf2 a5 19.a3 Rc4 20.b3 Rcc8 21.Nd4 Red8 22.Ne4 Bxd5  1-0

[Event "17th Petr Izmailov"]
[Site "Tomsk RUS"]
[Date "2013.06.16"]
[Round "6.13"]
[White "Lozhnikov,V"]
[Black "Kuznetsov,E"]
[Result "1-0"]
[WhiteElo "2323"]
[BlackElo "2172"]

1.d4 Nf6 2.Nf3 g6 3.c4 Bg7 4.Nc3 O-O 5.e4 d6 6.Be2 e5 7.Be3 exd4 8.Nxd4 Re8
9.f3 Nc6 10.O-O Nd7 11.Qd2 Nc5 12.Rad1 Nxd4 13.Bxd4 Bxd4+ 14.Qxd4 Ne6 15.Qd2 Bd7
16.b4 a5 17.a3 axb4 18.axb4 Bc6 19.c5 Qb8 20.b5 Bd7 21.cxd6 Qa7+ 22.Kh1 cxd6
23.Nd5 Red8 24.Qh6 Nf8 25.f4 Qa2 26.Bd3 Qb2 27.e5 Ra2 28.Rg1 dxe5 29.Bc4 exf4
30.Bxa2 Kh8 31.Qxf4 Be6 32.Qd4+  1-0

[Event "Alushta Summer-2013-3"]
[Site "Alushta UKR"]
[Date "2013.06.17"]
[Round "5"]
[White "Iljin,T"]
[Black "Kovalev,An"]
[Result "1/2-1/2"]
[WhiteElo "2410"]
[BlackElo "2473"]

1.d4 Nf6 2.c4 d6 3.Nc3 Nbd7 4.Nf3 g6 5.e4 Bg7 6.Be2 O-O 7.O-O e5 8.Be3 Qe7
9.Qc2 c6 10.Rad1 exd4 11.Nxd4 Re8 12.f3 Ne5 13.Rfe1 a6 14.a4 c5 15.Nb3 Be6
16.Nd5 Nxd5 17.cxd5 Bd7 18.a5 Ba4 19.Ra1 Qd7 20.f4 c4 21.Bxc4 Ng4 22.Bb6 Rac8
23.Qd3 Bxb2 24.Ra2 Bg7 25.h3 Nf6 26.Nd2  1/2-1/2

[Event "8th Teplice Open 2013"]
[Site "Teplice CZE"]
[Date "2013.06.17"]
[Round "3.2"]
[White "Babula,V"]
[Black "Smirnov,Arte"]
[Result "1-0"]
[WhiteElo "2581"]
[BlackElo "2422"]

1.d4 Nf6 2.c4 g6 3.Nc3 Bg7 4.e4 d6 5.Nf3 O-O 6.Be2 e5 7.d5 a5 8.Bg5 h6 9.Bh4 Na6
10.O-O Bd7 11.Nd2 Qe8 12.Kh1 Nh7 13.a3 h5 14.f3 Bh6 15.Qc2 Be3 16.Rae1 a4
17.Nb5 b6 18.Bd3 Bh6 19.Bf2 Qe7 20.Nb1 Bxb5 21.cxb5 Nc5 22.Nc3 h4 23.Qd1 Kg7
24.Bc2 Bf4 25.Ne2 Bg5 26.f4 exf4 27.Bd4+ Bf6 28.Rxf4 Be5 29.Ref1 Ng5 30.Rg4 f6
31.h3 Rh8 32.Qe1 Bxd4 33.Nxd4 Qe5 34.Qf2 Raf8 35.Re1 Rh5 36.Bb1 Qe8 37.Nc6 Nd7
38.e5 dxe5 39.Rxa4 Nc5 40.Ra7 Rf7 41.b4 Nd7 42.Rxc7 Qf8 43.Bxg6 Kxg6 44.Rxd7 Qa8
45.Rxf7 Nxf7 46.Ne7+ Kg7 47.Rf1  1-0

[Event "17th Petr Izmailov"]
[Site "Tomsk RUS"]
[Date "2013.06.17"]
[Round "7.30"]
[White "Tarasov,Sergey Ivan"]
[Black "Turovets,Sergey"]
[Result "1-0"]
[WhiteElo "2138"]
[BlackElo "2005"]

1.Nf3 Nf6 2.d4 g6 3.c4 Bg7 4.Nc3 O-O 5.e4 d6 6.Be2 e5 7.d5 Ne8 8.Bg5 f6 9.Be3 a5
10.Nd2 f5 11.f3 f4 12.Bf2 Nd7 13.g4 Nc5 14.h4 h6 15.h5 g5 16.a3 Bd7 17.b4 axb4
18.axb4 Rxa1 19.Qxa1 Na6 20.Qa3 Rf6 21.O-O Bf8 22.c5 Nb8 23.Qb3 Kg7 24.Ra1 c6
25.Ra7 Qc8 26.Na4 Rf7 27.Nb6 Qc7 28.b5 dxc5 29.bxc6 Bxc6 30.dxc6 Nxc6 31.Nd5 Qb8
32.Ra1 Nd4 33.Bxd4 exd4 34.Bb5 Nd6 35.Nc4 Nxe4 36.Qd3  1-0

[Event "8th Teplice Open 2013"]
[Site "Teplice CZE"]
[Date "2013.06.18"]
[Round "4.7"]
[White "Kristiansen,Jen"]
[Black "Kempinski,R"]
[Result "1/2-1/2"]
[WhiteElo "2412"]
[BlackElo "2587"]

1.d4 Nf6 2.c4 g6 3.Nc3 Bg7 4.e4 O-O 5.Nf3 d6 6.Be2 Na6 7.O-O e5 8.d5 Nc5
9.Qc2 a5 10.Bg5 h6 11.Be3 b6 12.Nd2 h5 13.h3 Nh7 14.Rae1 Ng5 15.h4 Nh7 16.Nf3 f5
17.exf5 Bxf5 18.Qd2 e4 19.Ng5 Nxg5 20.Bxg5 Qd7 21.Bd1 a4 22.Bc2 Rfe8 23.Re3 Re5
24.Bf4 Ree8 25.Bg5 Re5 26.Bf4 Ree8 27.Bg5 Re5 28.Bf4  1/2-1/2

[Event "17th Petr Izmailov"]
[Site "Tomsk RUS"]
[Date "2013.06.19"]
[Round "9.12"]
[White "Beletsky,A"]
[Black "Kuznetsov,E"]
[Result "1-0"]
[WhiteElo "2284"]
[BlackElo "2172"]

1.Nf3 Nf6 2.c4 g6 3.Nc3 Bg7 4.e4 d6 5.d4 O-O 6.Be2 e5 7.dxe5 dxe5 8.Qxd8 Rxd8
9.Bg5 Re8 10.Nd5 Nxd5 11.cxd5 c6 12.Bc4 cxd5 13.Bxd5 Nc6 14.Bd2 Be6 15.Bxe6 Rxe6
16.Ke2 Rae8 17.Bc3 b5 18.a3 a5 19.Rhd1 Nd4+ 20.Nxd4 exd4 21.Bxa5 f5 22.e5 Bxe5
23.Kd3 Bxh2 24.Re1 Be5 25.Rac1 Kf7 26.Rc5 Bd6 27.Rxe6 Bxc5 28.Rc6 Re5 29.Rc7+ Kg8
30.Rb7 Bf8 31.Rd7 Bg7 32.Rxd4 Re8 33.Rb4 Re5 34.Rd4 Re8 35.Rb4 Re5 36.Rd4 Re8
37.Rb4 Re5 38.Rd4 Re8 39.Rb4 Re5 40.Bb6 Rd5+ 41.Ke2 g5 42.g3 Kf7 43.Be3 Bf6
44.a4 bxa4 45.Rxa4 Rb5 46.b4 Be7 47.Bd2 h5 48.Ra5 Rb7 49.Rxf5+ Kg6 50.Rd5 h4
51.gxh4 gxh4 52.b5 Bf6 53.Kf3 Kf7 54.Bf4 Ke6 55.Rh5 Ra7 56.Be3 Ra3 57.b6 Rb3
58.Kg2 Be7 59.Rh7 Rb5 60.Kh3 Rb3 61.Kg4 Rb4+ 62.f4 Rb3 63.f5+ Kd6 64.Bf4+  1-0

[Event "17th Petr Izmailov"]
[Site "Tomsk RUS"]
[Date "2013.06.19"]
[Round "9.29"]
[White "Tarasov,Sergey Ivan"]
[Black "Shulakov,A"]
[Result "1/2-1/2"]
[WhiteElo "2138"]
[BlackElo "1981"]

1.d4 Nf6 2.Nf3 g6 3.c4 Bg7 4.Nc3 d6 5.e4 O-O 6.Be2 e5 7.d5 a5 8.h3 Na6 9.Be3 Ne8
10.g4 f5 11.gxf5 gxf5 12.Bg5 Bf6 13.Bh6 Ng7 14.Rg1 Nc5 15.Ng5 Kh8 16.Qd2 Qe7
17.O-O-O Bd7 18.Rg2 Rg8 19.Rdg1 fxe4 20.Ngxe4 Nxe4 21.Nxe4 Nf5 22.Rxg8+ Rxg8
23.Rxg8+ Kxg8 24.Bg4 Bh4 25.Be3 Nxe3 26.Qxe3 Bxg4 27.hxg4 Qf7 28.Kd1 Be7
29.Ke2 c6 30.Qf3 Qg6 31.Qf5 Qxf5 32.gxf5 Kf7 33.Kf3 h5 34.a4 cxd5 35.cxd5 Kg7
36.b3 Kh6 37.Kg3 b6 38.f4 exf4+ 39.Kxf4 Kg7 40.f6+ Bxf6 41.Nxd6 Kf8 42.Kf5 Bd8
43.Ne4 h4 44.Kg4 Ke8 45.Nd2 Kd7 46.Nc4 Kc7 47.Kf4 Be7 48.Kg4 Bf6 49.Kh3 Bd8
50.Kg4 Be7  1/2-1/2

[Event "13th IPCA World Championship"]
[Site "Velke Losiny CZE"]
[Date "2013.06.19"]
[Round "2.7"]
[White "Macura,E"]
[Black "Valenta,V jr"]
[Result "0-1"]
[WhiteElo "1953"]
[BlackElo "2148"]

1.d4 Nf6 2.Nf3 g6 3.c4 Bg7 4.Nc3 d6 5.e4 O-O 6.Be2 e5 7.d5 Na6 8.O-O Nc5
9.Nd2 a5 10.a3 a4 11.f3 Nh5 12.b3 axb3 13.Nxb3 Nxb3 14.Qxb3 Nf4 15.Bxf4 exf4
16.Rfd1 Bd7 17.Ra2 b6 18.Nb5 Ra5 19.Rdd2 Re8 20.Qd3 f5 21.Nd4 fxe4 22.fxe4 Qe7
23.Bf3 Qe5 24.h3 Rea8 25.Nc2 b5 26.cxb5 Bxb5 27.Qb3 Qc3 28.Na1 Bc4  0-1

[Event "III Marcel Duchamp Boca Jun Op"]
[Site "Buenos Aires ARG"]
[Date "2013.06.20"]
[Round "1.35"]
[White "Lopez,Di"]
[Black "Cimer,Emmanuel"]
[Result "1/2-1/2"]
[WhiteElo "2133"]
[BlackElo "1593"]

1.d4 Nf6 2.c4 g6 3.Nc3 Bg7 4.e4 d6 5.Nf3 O-O 6.Be2 Nbd7 7.O-O e5 8.Re1 exd4
9.Nxd4 Nc5 10.Bf1 Re8 11.f3 a5 12.Be3 Bd7 13.Qc2 h6 14.Rad1 Nh7 15.b3 Ng5
16.Ndb5 Nge6 17.g3 Bxb5 18.Nxb5 Qe7 19.Bg2 Red8 20.f4 c6 21.Nc3 Na6 22.f5 Nf8
23.Qd2 Kh7 24.Bb6 Rd7 25.Bxa5 d5 26.Qf2 d4 27.Na4 d3 28.Bc3 Bxc3 29.Nxc3 Nb4
30.e5 Rad8 31.Ne4 d2 32.fxg6+ fxg6 33.Nf6+ Kg7 34.Re2 Nd3 35.Qe3 Nc1 36.Rexd2 Rxd2
37.Rxd2 Rxd2 38.Qxd2 Qxe5 39.Qxc1 Qxf6 40.Qd2 Qa1+ 41.Kf2 Qf6+ 42.Bf3 Qe7
43.Qd4+ Kf7 44.Bg4 c5 45.Qd5+ Kg7 46.Bf3 b6 47.Qb7 Qxb7 48.Bxb7 Kf6 49.Bc8 Ke5
50.Ke3 g5 51.a3 Nh7 52.b4 cxb4 53.axb4 Nf6 54.h3 h5 55.g4 h4 56.Bf5 Ne8 57.Bd7 Nf6
58.Bc6 Kd6 59.Bf3 Ke5 60.c5 bxc5 61.bxc5 Ne8 62.Bc6 Nc7 63.Bb7 Ne6 64.c6 Nc7
65.Bc8 Nd5+ 66.Kf3 Kd4 67.Be6 Nc7 68.Bf7 Kd3 69.Bg6+ Kd4 70.Bf5 Nd5 71.Ke2 Nf4+
72.Kd2 Nd5 73.Be6 Nc7 74.Bf7 Nb5 75.Kc2 Ke3 76.Bd5 Nc7 77.Bc4  1/2-1/2